Majdanek

Titel: Majdanek : the concentration camp of Lublin / Anna Wiśniewska ; Czesław Rajca
Verfasser:
Beteiligt:
Veröffentlicht: Lublin : Państw. Muzeum na Majdanku, 1997
Umfang: 72 S. : Ill., Kt.
Format: Buch
Sprache: Englisch
Schlagworte:
ISBN: 8390753200
Buchumschlag
X
Lokale Klassifikation: 36 8 M 31 ; 32 7 Nk
alg: 6114941
001A    $03004:12-01-99 
001B    $01999:18-10-24 $t18:42:29.000 
001C    $06002:16-03-06 $t16:28:44.000 
001D    $09999:99-99-99 
001U    $0utf8 
001X    $00 
002@    $0Aau 
003@    $0061149411 
003O    $038435791 $aOCoLC 
004A    $083-907532-0-0 
007A    $0061149411 $aHEB 
007T    $0Herdhh061149411 
007T    $0FBauInsta0004323 
010@    $aeng 
011@    $a1997 
013H    $0z 
019@    $apl 
021A    $aMajdanek $dthe concentration camp of Lublin $hAnna Wiśniewska ; Czesław Rajca 
028A    $D20231015 $Ecgwrk $8Wiśniewska, Anna$Z1940- [Tp3] $9460234854 
028B/01 $D20231015 $Ecgwrk $7119528886 $8Rajca, Czesław$Z1928-2016 [Tp1] $9087868504 
033A    $pLublin $nPaństw. Muzeum na Majdanku 
034D    $a72 S. 
034M    $aIll., Kt. 
044K    $#KZ Majdanek $#obóz koncentracyjny Majdanek $74268005-0 $8Konzentrationslager Majdanek [Tb1] $9086433342 
045F    $a900.94380904 $eDDC23BSB 
045F/01 $a900 
045F/03 $f0904 
045F/03 $f09043 
045F/03 $f09044 
045F/03 $g438 
046L    $aÜbersetzung a.d. Poln. 

lok: 6114941 24
101B    $005-12-02 $t20:25:48.542 
101C    $012-01-99 
145Z/01 $a36 8 M 31 
145Z/02 $a32 7 Nk 
101U    $0utf8 

exp: 6114941 24 1 #EPN
201B/01 $021-12-02 $t15:38:24.000 
201C/01 $012-01-99 
203@/01 $0127207023 
208@/01 $a12-01-99 $bz 
209A/01 $a98.4790 $du $f050 $h98 4790 $x00 
209C/01 $a98.4790 K $h98 4790 K 
209G/01 $a70109492 $x00 
247C/01 $8358050-7 Marburg, Bibliothek des Herder-Instituts Marburg $9102600961 
201U/01 $0utf8 

lok: 6114941 78

exp: 6114941 78 1 #EPN
201B/01 $019-04-17 $t16:59:26.000 
201U/01 $0utf8 
203@/01 $0792827600 
208@/01 $a12-11-16 $be 
209A/01 $a/ $f000 $x00 
237A/01 $aÜbersetzung a.d. Poln. - weiterführende Signatur(en): Herder-Institut: 98.4790 
244Z/01 $2Trx $#Poola $#Lenkija $#Polija $#Polen Land $#Poland $#Lengyelország $#Poľsko $#Polsko $8--Trx--Polska$gkraj $x01 $9391345966 
244Z/01 $2Trx $8--Trx--Monographie $x02 $9391384546 
245Z/01 $a06.04.03 $x01 
247C/01 $82080>Marburg/Lahn, Herder-Institut, Forschungsbibliothek, Bibliographieportal $9336309341 

lok: 6114941 106
101B    $012-09-18 $t18:04:44.000 
101C    $012-09-18 
101U    $0utf8 
144Z/01 $aMajdanek 
145Z/01 $aHolocaust/Vernichtungslager: Majdanek/Monographien 

exp: 6114941 106 1 #EPN
201B/01 $012-09-18 $t18:04:44.000 
201C/01 $012-09-18 
201U/01 $0utf8 
203@/01 $01029717303 
208@/01 $a10-09-18 $br 
209A/01 $aH 09 mj m 9 $ds $f000 $hH 09 mj m 0009 $x00 
209C/01 $a04954 
247C/01 $82508>Frankfurt/M., Bibliothek des Fritz Bauer Instituts zur Geschichte und Wirkung des Holocaust $9403831741
LEADER 00000cam a2200000 c 4500
001 061149411
003 DE-603
005 20241018184229.0
007 tu
008 990112s1997 xx |||| | u00||u|eng c
020 |a 8390753200 
035 |a (DE-599)HEB061149411 
035 |a (OCoLC)38435791 
040 |a DE-603  |b ger  |c DE-603  |d DE-603 
041 |a eng 
082 0 4 |8 1\u  |a 900.94380904  |q DE-101  |2 23/BSB 
085 |8 1\u  |b 900 
085 |8 1\u  |z 1  |s 0904 
085 |8 1\u  |z 1  |s 09043 
085 |8 1\u  |z 1  |s 09044 
085 |8 1\u  |z 2  |s 438 
100 1 |a Wiśniewska, Anna  |d 1940-  |0 (DE-603)460234854  |0 (DE-588)1205406336  |2 gnd 
245 0 0 |a Majdanek  |b the concentration camp of Lublin  |c Anna Wiśniewska ; Czesław Rajca 
264 1 |a Lublin  |b Państw. Muzeum na Majdanku  |c 1997 
300 |a 72 S.  |b Ill., Kt. 
546 |a Übersetzung a.d. Poln. 
610 1 7 |a Konzentrationslager Majdanek  |2 gnd  |0 (DE-588)4268005-0  |0 (DE-603)086433342 
700 1 |a Rajca, Czesław  |d 1928-2016  |0 (DE-603)087868504  |0 (DE-588)119528886  |2 gnd 
924 0 |9 Mb 50  |a (DE-603)127207023  |b DE-Mb50  |c HES  |d c  |g 98.4790 
924 0 |9 2080  |a (DE-603)792827600  |b DE-2080  |c HES  |d d  |g / 
924 0 |9 2508  |a (DE-603)1029717303  |b DE-2508  |c HES  |d d  |g H 09 mj m 9